Statistics for Picture=Clue

Click here to take the quiz!

General Stats

  • This quiz has been taken 24 times
  • The average score is 7 of 15

Answer Stats

Answer % Correct
Swan
100%
Big ben
92%
Henry VIII
83%
Whisky
75%
C3-PO
75%
Mount Everest
67%
Bullet train
42%
Excavator
42%
Brooklyn Bridge
33%
MIR
33%
Jay
25%
Tuk tuk
25%
Yew
17%
Shrew
17%
Shih Tzu
8%

Score Distribution

Percentile by Number Answered

Percent of People with Each Score

Your Score History

You have not taken this quiz